| 000 | 01238nam a2200253Ia 4500 | ||
|---|---|---|---|
| 003 | Ost | ||
| 005 | 20260507075402.0 | ||
| 008 | 260507s9999||||xx |||||||||||||| ||und|| | ||
| 020 | _a12364419779 | ||
| 040 | _cfsecg | ||
| 041 | _aara | ||
| 082 | _a330 | ||
| 100 |
_aإبراهيم، مجدي محمد إبراهيم _eمؤلف |
||
| 245 | 0 |
_aأسس إدارة الوقت وموارده / _c مجدي محمد إبراهيم إبراهيم |
|
| 260 |
_aالإسكندرية: _bمكتبة الوفاء القانونية, _c2014 |
||
| 300 |
_a181 صفحة؛ _bإيضاحات ؛ _c25 سم |
||
| 504 | _aالمراجع ص.179 | ||
| 520 | _aيضم مفهوم إدارة الوقت وفوائده ، أهمية الوقت وقيمته ، التخطيط وحسن استغلال الوقت ، تنظم الوقت ، الوقت و العادات الشخصية ترتيب الأولويات ، الكفاءة والفاعلي، الأسباب الشائعة لضياع الوقت، تكوين فرق العمل الفعالة، التغيير ، أوقات الفراغ كيف نستفد منها؟ | ||
| 653 | _aالتوقيت | ||
| 653 | _aالزمن | ||
| 653 | _aالوقت | ||
| 653 | _aوقت الفراغ | ||
| 942 | _cكتاب | ||
| 999 |
_c44282 _d44282 |
||